MARC details
| 000 -CABECERA |
| campo de control de longitud fija |
04248nam a2200445 a 4500 |
| 001 - NÚMERO DE CONTROL |
| campo de control |
dia_5236 |
| 003 - IDENTIFICADOR DEL NÚMERO DE CONTROL |
| campo de control |
CHAP |
| 005 - FECHA Y HORA DE LA ÚLTIMA TRANSACCIÓN |
| campo de control |
20250909181743.0 |
| 007 - CAMPO FIJO DE DESCRIPCIÓN FÍSICA--INFORMACIÓN GENERAL |
| campo de control de longitud fija |
ta |
| 008 - DATOS DE LONGITUD FIJA--INFORMACIÓN GENERAL |
| campo de control de longitud fija |
220117s1996 mx abd frm 001 0 spa d |
| 010 ## - NÚMERO DE CONTROL DE LA BIBLIOTECA DEL CONGRESO |
| Número de control de LC |
176145 |
| 040 ## - FUENTE DE LA CATALOGACIÓN |
| Centro/agencia transcriptor |
CHAP |
| Centro catalogador/agencia de origen |
mxchpua |
| Normas de descripción |
rda |
| 041 0# - CÓDIGO DE LENGUA |
| Código de lengua del texto/banda sonora o título independiente |
spa |
| Código de lengua del sumario o resumen |
eng |
| 090 ## - LOCALMENTE ASIGNADO TIPO-LC NÚMERO DE CLASIFICACIÓN (OCLC); NÚMERO DE CLASIFICACIÓN LOCAL (RLIN) |
| Número de clasificación (OCLC) (R) ; Numero de clasificación, CALL (RLIN) (NR) |
Tesis |
| Número cutter local (OCLC) ; Número de libro/Signatura topográfica íntegra, CALL (RLIN) |
G37 |
| año |
1996 |
| 100 1# - ENTRADA PRINCIPAL--NOMBRE DE PERSONA |
| Nombre de persona |
García Beltrán, José Natividad |
| 245 10 - MENCIÓN DE TÍTULO |
| Título |
Aplicación de etefón y ácido naftalen acético en laboratorio y campo y su efecto sobre la inducción floral y calidad del fruto de piña (Ananas comosus (L.) Merr.) cv. Cayena Lisa en la región del bajo Papaloapan / |
| Mención de responsabilidad, etc. |
José Natividad García Beltrán |
| 264 ## - PRODUCCIÓN, PUBLICACIÓN, DISTRIBUCIÓN, FABRICACIÓN Y COPYRIGHT |
| Producción, publicación, distribución, fabricación y copyright |
Chapingo, México : |
| Nombre del de productor, editor, distribuidor, fabricante |
El autor, |
| Fecha de producción, publicación, distribución, fabricación o copyright |
1996 |
| 300 ## - DESCRIPCIÓN FÍSICA |
| Extensión |
ii, 73 hojas : |
| Otras características físicas |
ilustraciones, mapas, gráficas, diagramas, tablas |
| 336 ## - TIPO DE CONTENIDO |
| Fuente |
rdacontent |
| Término de tipo de contenido |
texto |
| Código de tipo de contenido |
txt |
| 337 ## - TIPO DE MEDIO |
| Fuente |
rdamedia |
| Nombre/término del tipo de medio |
no mediado |
| Código del tipo de medio |
n |
| 338 ## - TIPO DE SOPORTE |
| Fuente |
rdacarrier |
| Nombre/término del tipo de soporte |
volumen |
| Código del tipo de soporte |
nc |
| 502 ## - NOTA DE TESIS |
| Nota de tesis |
Tesis |
| Tipo de título |
(Ingeniero Agroindustrial) -- |
| Nombre de la institución que otorga el título |
UACh. Departamento de Ingeniería Agroindustrial, |
| Año de obtención del título |
1996 |
| 504 ## - NOTA DE BIBLIOGRAFÍA, ETC. |
| Nota de bibliografía, etc. |
Bibliografía: hojas 62-64 |
| 520 3# - SUMARIO, ETC. |
| Sumario, etc. |
En un esfuerzo por comprender mejor los mecanismos y la fisiologia de la flor ación en piña v con el fin de entender la efectividad del forzamiento, se investiga aqui los inductores exógenos ETEFON y Acido Naftalén Acético (ANA) y su efecto en la producción de etileno por tejidos frescos de planta de piña a nivel laboratorio y su efectividad en la iniciación floral en campo, asi como su efecto sobre la calidad del fruto. Las fases de campo y laboratorio incluyeron experimentos factoriales completamente al azar. cuyos niveles fueron concentración de etefón y número de aplicacion es, asi como tipo de inductor exógeno, concentraciones probadas, tamaño de planta adicionados con y sin coadyuvantes, respectivamente. La concentración de etileno endógeno liberado se midió por cromatografia de gases, encontrándose lo siguiente. Etefón respondió positivamente al desprendimiento de etileno endógeno por tejidos de la planta, más no asi ANA; variando la respuesta de 1.18 a 169.5 ppm, y de 0.024 a 3.8 ppm de etileno, respectivamente. No hubo diferencias significativas cuanto al tamaño de planta, por lo que desprenden etileno tanto tejido de plantas grandes, medianas como chicas. De las dosis probadas, los mejores tratamientos resulta ron ser los testigos para ambas sustancias: después de los testigos, los mejores tratamientos fueron a 600 ppm con coadyuvantes para etefón, y 200 ppm para NA. EI efecto del coadyuvante sobre la respuesta en la liberación se observa claramente al aplicar etefón en planta grande para todos los tratamientos. En la fase de campo se encontró una baja respuesta a la inducción floral al utilizar etefón: para una aplicación, el mejor tratamiento después del testigo fue a 300 ppm sin encontrarse diferencias significativas. Se obtuvo el mayor rendimiento y mejor calidad 600 ppm de etetón sin encontrarse diferencias significativas entre tratamientos; a esta misma dosis se encontró diferencias significativas al evaluar desordenes fisiológicos en fruto tanto en corona múltiple y fruto sin corona. Para dos aplicacion es de etefón, la dosis a 300 ppm reportó mayor % de inducción floral, rendimiento y mejor calidad encontrarse diferencias significativas. Incidió mayormente corona múltiple al tratar a 600 ppn de etefón reportando diferencias significativas entre tratamientos. El tratamiento a 300 ppm de etefón efectuado en dos aplicaciones resultó ser el mejor en cuanto a las variables de respuesta analizadas. |
| 650 10 - PUNTO DE ACCESO ADICIONAL DE MATERIA--TÉRMINO DE MATERIA |
| Término de materia o nombre geográfico como elemento de entrada |
Piñas |
| Fuente del encabezamiento o término |
atg |
| Subdivisión general |
Floración |
| 650 13 - PUNTO DE ACCESO ADICIONAL DE MATERIA--TÉRMINO DE MATERIA |
| Término de materia o nombre geográfico como elemento de entrada |
Etefón |
| Fuente del encabezamiento o término |
atg |
| 650 13 - PUNTO DE ACCESO ADICIONAL DE MATERIA--TÉRMINO DE MATERIA |
| Término de materia o nombre geográfico como elemento de entrada |
Acido naftalenacético |
| Fuente del encabezamiento o término |
atg |
| 650 13 - PUNTO DE ACCESO ADICIONAL DE MATERIA--TÉRMINO DE MATERIA |
| Término de materia o nombre geográfico como elemento de entrada |
Piñas |
| Fuente del encabezamiento o término |
atg |
| Subdivisión general |
Calidad de la fruta |
| 650 13 - PUNTO DE ACCESO ADICIONAL DE MATERIA--TÉRMINO DE MATERIA |
| Término de materia o nombre geográfico como elemento de entrada |
Pineapples |
| Fuente del encabezamiento o término |
atg |
| Subdivisión general |
Flowering |
| 650 13 - PUNTO DE ACCESO ADICIONAL DE MATERIA--TÉRMINO DE MATERIA |
| Término de materia o nombre geográfico como elemento de entrada |
Ethephon |
| Fuente del encabezamiento o término |
atg |
| 650 13 - PUNTO DE ACCESO ADICIONAL DE MATERIA--TÉRMINO DE MATERIA |
| Término de materia o nombre geográfico como elemento de entrada |
Naphthaleneacetic acid |
| Fuente del encabezamiento o término |
atg |
| 650 13 - PUNTO DE ACCESO ADICIONAL DE MATERIA--TÉRMINO DE MATERIA |
| Término de materia o nombre geográfico como elemento de entrada |
Pineapples |
| Fuente del encabezamiento o término |
atg |
| Subdivisión general |
Fruit quality |
| 700 1# - PUNTO DE ACCESO ADICIONAL--NOMBRE DE PERSONA |
| Nombre de persona |
Sánchez Peña, José Víctor |
| Término indicativo de función/relación |
director |
| 700 1# - PUNTO DE ACCESO ADICIONAL--NOMBRE DE PERSONA |
| Nombre de persona |
Chávez Franco, Sergio Humberto |
| Término indicativo de función/relación |
asesor |
| 700 1# - PUNTO DE ACCESO ADICIONAL--NOMBRE DE PERSONA |
| Nombre de persona |
Colinas León, María Teresa B. |
| Término indicativo de función/relación |
asesora |
| 901 ## - ELEMENTOS DE DATOS A LOCAL LDA (RLIN) |
| a |
TESIS G37 1996 |
| 942 ## - ELEMENTOS DE PUNTO DE ACCESO ADICIONAL (KOHA) |
| Tipo de ítem Koha |
TESIS |
| Fuente del sistema de clasificación o colocación |
Clasificación Universidad Autónoma Chapingo |
| 902 ## - ELEMENTOS DE DATOS B LOCAL, LDB (RLIN) |
| a |
M |
| 905 ## - ELEMENTOS DE DATOS E LOCAL, LDE (RLIN) |
| a |
5232271996 mx abmn8222223322spa16 |